000 01045nam a2200301 i 4500
001 110206
003 ES-MaACL
005 20260124063016.0
007 t|
008 061121s1972 sp r ||||1| spa d
080 _a159.937.52
080 _a72.011
100 1 _aMoles, Abraham A.,
_d1920-1992
_981863
245 1 0 _aSicología del espacio /
_cAbraham A. Moles y Elisabeth Rohmer; edición preparada y prologada por Mario Gaviria ; traducido por Enrique Grilló Solano y Mª José Méndez Tihista.
246 3 _aPsicología del espacio
260 _aMadrid :
_bRicardo Aguilera,
_c1972.
300 _a195 p. :
_bil. ;
_c18 cm.
490 1 _aOrbe ;
_v14
650 4 _aPercepción espacial.
_9168980
650 7 _aEspacio (Arquitectura)
_2embne
_9168981
700 1 _aRohmer, Elisabeth.
_998983
700 1 _aGaviria, Mario.
_956091
700 1 _aGrilló Solano, Enrique.
_960035
700 1 _aMéndez, María José.
_980129
830 1 _aOrbe ;
_v14
_9182702
852 _aES-MaACL
_jC-53150
999 _c110206
_d110206